00239 a2200097 450000100060000008200170000610000160002324500400003926000450007930000170012492349 a620.1126 BRO aDavid Broek aPractical use of fracture mechanics aLondonbKluwer Academic Publishersc1989 axiii, 522 p.